| 000 | 00393 a2200169 4500 | ||
|---|---|---|---|
| 001 | 194693 | ||
| 020 | _a85-85357-85-6 | ||
| 040 | _cMagnum | ||
| 100 | _aRylant,cynthia | ||
| 240 | 1 | 0 |
_aA velhinha que dava nome às coisas _lpor |
| 245 | 1 | 0 | _aA velhinha que dava nome às coisas |
| 300 | _a33 | ||
| 362 | 0 | _a1997 | |
| 440 | 1 | _aBrinque-Book | |
| 697 | _aLITERATURA INFANTIL | ||
| 942 | _cBK | ||
| 999 |
_c194693 _d194693 |
||